[Event "Groundhog Day : yet another chess event U1800"]
[Site "SchemingMind.com"]
[Date "2013.02.07"]
[Round "-"]
[White "SAMAEL"]
[Black "Ricsige"]
[Result "1-0"]
[WhiteCountry "CAN"]
[BlackCountry "AHO"]
[WhiteElo "1731"]
[WhiteRD "56"]
[BlackElo "1398"]
[BlackRD "72"]
[GameID "326346"]

1. e4 c5 2. Nf3 Nc6 3. Nc3 e6 4. Be2 Nf6 5. O-O Be7 6. Re1 O-O 7. d3 d6 8. h3 a6 9. a3 b5 10. Nh2 d5
11. exd5 Nxd5 12. Bf3 Nxc3 13. bxc3 Bb7 14. Rb1 Qc7 15. Bb2 Bd6 16. Nf1 Ne5 17. Bxb7 Qxb7 18. c4 Ng6 19. Nd2 Nf4 20. Qf3 Qxf3
21. Nxf3 Rab8 22. cxb5 axb5 23. Be5 Bxe5 24. Rxe5 Rfc8 25. g3 Ng6 26. Re2 h6 27. Ne5 Nxe5 28. Rxe5 Kf8 29. Kf1 Ke7 30. Ke2 f6
31. Re3 Kd6 32. Kd2 e5 33. c3 Ra8 34. Rxb5 Rxa3 35. Kc2 Kc6 36. c4 Rca8 37. f4 Ra2+ 38. Rb2 Rxb2+ 39. Kxb2 exf4 40. gxf4 Ra7
41. Re6+ Kd7 42. Rb6 Rc7 43. Kb3 Rc6 44. Rxc6 Kxc6 45. Kc3 Kd6 46. d4 cxd4+ 47. Kxd4 g5 48. Ke4 Kc5 49. fxg5 fxg5 50. Kf5 Kxc4
51. Kg6 g4 52. hxg4 Kd5 53. Kxh6 Ke6 54. g5 Kf7 55. Kh7
1-0

[Event "Groundhog Day : yet another chess event U1800"]
[Site "SchemingMind.com"]
[Date "2013.02.07"]
[Round "-"]
[White "Ricsige"]
[Black "SAMAEL"]
[Result "0-1"]
[WhiteCountry "AHO"]
[BlackCountry "CAN"]
[WhiteElo "1412"]
[WhiteRD "70"]
[BlackElo "1713"]
[BlackRD "45"]
[GameID "326347"]

1. d4 d5 2. c4 e6 3. Nc3 Nf6 4. Nf3 Be7 5. Bg5 h6 6. Bh4 b6 7. e3 Nbd7 8. Bd3 Bb7 9. O-O O-O 10. Rc1 dxc4
11. Bxc4 Nh7 12. Bxe7 Qxe7 13. Re1 Rfe8 14. e4 c6 15. Bd3 Ng5 16. Nxg5 Qxg5 17. e5 c5 18. Ne4 Bxe4 19. Bxe4 Rad8 20. Re3 cxd4
21. Rg3 Qxe5 22. Qg4 f5
0-1

[Event "Groundhog Day : yet another chess event U1800"]
[Site "SchemingMind.com"]
[Date "2013.02.09"]
[Round "-"]
[White "simpet"]
[Black "SAMAEL"]
[Result "0-1"]
[WhiteCountry "ENG"]
[BlackCountry "CAN"]
[WhiteElo "1608"]
[WhiteRD "55"]
[BlackElo "1713"]
[BlackRD "45"]
[GameID "326522"]

1. e4 e5 2. Nf3 Nc6 3. d4 exd4 4. Nxd4 d6 5. Bb5 Bd7 6. Nxc6 Bxc6 7. Bxc6+ bxc6 8. O-O Nf6 9. c3 Be7 10. Qa4 Qd7
11. f3 c5 12. Qxd7+ Nxd7 13. f4 O-O 14. Nd2 Rfe8 15. Nf3 Bf8 16. Re1 h6 17. Nh4 Nf6 18. e5 Re6 19. Bd2 dxe5 20. Rxe5 Rae8
21. Rae1 Rxe5 22. fxe5 Nd7 23. Bf4 g5 24. Bxg5 hxg5 25. Nf3 g4 26. Nh4 Rxe5 27. Rxe5 Nxe5
0-1

[Event "Groundhog Day : yet another chess event U1800"]
[Site "SchemingMind.com"]
[Date "2013.02.04"]
[Round "-"]
[White "Ricsige"]
[Black "simpet"]
[Result "0-1"]
[WhiteCountry "AHO"]
[BlackCountry "ENG"]
[WhiteElo "1417"]
[WhiteRD "65"]
[BlackElo "1629"]
[BlackRD "54"]
[GameID "326523"]

1. d4 Nc6 2. Nf3 Nf6 3. c4 d5 4. cxd5 Nb4 5. Nc3 Bf5 6. Qa4+ c6 7. Qxb4 Qd7 8. dxc6 Qxc6 9. e4 Bd7 10. Bb5 Qc7
0-1

[Event "Groundhog Day : yet another chess event U1800"]
[Site "SchemingMind.com"]
[Date "2013.02.09"]
[Round "-"]
[White "SAMAEL"]
[Black "simpet"]
[Result "1-0"]
[WhiteCountry "CAN"]
[BlackCountry "ENG"]
[WhiteElo "1717"]
[WhiteRD "52"]
[BlackElo "1629"]
[BlackRD "54"]
[GameID "326524"]

1. Nf3 Nf6 2. Nc3 c5 3. e4 Nc6 4. Be2 e5 5. O-O d5 6. exd5 Nxd5 7. Nxd5 Qxd5 8. d3 Be7 9. Re1 O-O 10. h3 f5
11. b3 f4 12. d4 cxd4 13. Bc4 Qxc4 14. bxc4 Be6 15. Nxe5 Nxe5 16. Rxe5 Rf6 17. Qe2 f3 18. Qe1 Kf7 19. g3 Bd6 20. Rh5 h6
21. h4 Re8 22. Qd2 Bc5 23. Rxc5 Bh3 24. Bb2 Re2 25. Qxd4 Bg2 26. Rc7+ Kg6 27. Rxg7+
1-0

[Event "Groundhog Day : yet another chess event U1800"]
[Site "SchemingMind.com"]
[Date "2013.02.12"]
[Round "-"]
[White "capablanca"]
[Black "simpet"]
[Result "0-1"]
[WhiteCountry "GER"]
[BlackCountry "ENG"]
[WhiteElo "1625"]
[WhiteRD "58"]
[BlackElo "1629"]
[BlackRD "54"]
[GameID "326926"]

1. e4 Nc6 2. d4 d5 3. Nc3 dxe4 4. Nxe4 Nxd4 5. Be3 e5 6. Bc4 Be6 7. Bxd4 Bxc4 8. Bxe5 Qd5 9. Qxd5 Bxd5 10. f3 O-O-O
11. O-O-O Bxa2 12. b3 Ba3+
0-1

[Event "Groundhog Day : yet another chess event U1800"]
[Site "SchemingMind.com"]
[Date "2013.02.17"]
[Round "-"]
[White "capablanca"]
[Black "SAMAEL"]
[Result "1-0"]
[WhiteCountry "GER"]
[BlackCountry "CAN"]
[WhiteElo "1680"]
[WhiteRD "58"]
[BlackElo "1713"]
[BlackRD "45"]
[GameID "326927"]

1. e4 e5 2. Nf3 Nf6 3. Nxe5 Be7 4. Nc3 O-O 5. d4 Re8 6. Bc4 d5 7. Nxd5 Be6 8. Nxe7+ Qxe7 9. Bxe6 Qxe6 10. f3 Nbd7
11. Nxd7 Nxd7 12. O-O Rad8 13. Qe1 c6 14. b3 Qf6 15. Bb2 h6 16. Rb1 Qe7 17. Qc3 f6 18. Rbe1 Qf7 19. f4 Kh8 20. Qg3 Nf8
21. f5 Nh7 22. e5 fxe5 23. dxe5 Qf8 24. f6 gxf6 25. exf6 Qf7 26. Re7
1-0

[Event "Groundhog Day : yet another chess event U1800"]
[Site "SchemingMind.com"]
[Date "2013.02.12"]
[Round "-"]
[White "Ricsige"]
[Black "capablanca"]
[Result "0-1"]
[WhiteCountry "AHO"]
[BlackCountry "GER"]
[WhiteElo "1412"]
[WhiteRD "70"]
[BlackElo "1680"]
[BlackRD "58"]
[GameID "326928"]

1. d4 d5 2. c4 e6 3. Nc3 c5 4. cxd5 cxd4 5. Qxd4 exd5 6. Qxd5 Qxd5 7. Nxd5 Bd6 8. Nf3 Be6 9. Nc3 Nf6 10. Bg5 Be7
11. e3 a6 12. Be2 Nc6 13. O-O O-O 14. Rfd1 Rfd8 15. Ne4 Rxd1+ 16. Rxd1 Nxe4
0-1

[Event "Groundhog Day : yet another chess event U1800"]
[Site "SchemingMind.com"]
[Date "2013.02.12"]
[Round "-"]
[White "simpet"]
[Black "capablanca"]
[Result "1/2-1/2"]
[WhiteCountry "ENG"]
[BlackCountry "GER"]
[WhiteElo "1608"]
[WhiteRD "55"]
[BlackElo "1680"]
[BlackRD "58"]
[GameID "326929"]

1. e4 e5 2. Nf3 Nc6 3. Bb5 a6 4. Bxc6 dxc6 5. Nxe5 Qd4 6. Nf3 Qxe4+ 7. Kf1 Bg4 8. d3 Bxf3 9. Qxf3 Qxf3 10. gxf3 c5
11. Kg2 O-O-O 12. Bf4 Bd6 13. Bg5 f6 14. Bh4 Re8 15. Nc3 Nh6 16. Bg3 Nf5 17. Rae1 Nd4 18. Ne4 Bxg3 19. fxg3 b6 20. c3 Nf5
21. g4 Nd6 22. Ng3 g6 23. h4 Kd7 24. Ne4 Nxe4 25. dxe4 Ke6 26. f4 Rd8 27. Rd1 Rd6 28. Rxd6+ cxd6= 29. Rd1 Rd8 30. Rd5 Rd7
31. c4 b5 32. f5+ Ke7 33. cxb5 axb5 34. a3 Ra7 35. Kf3 Ra4 36. fxg6 hxg6 37. g5 fxg5 38. hxg5 Ke6 39. Ke3 Rc4 40. Kd3 Rc1
41. Kd2 Rb1 42. b4 cxb4 43. Rxb5 Rb2+ 44. Kd3 bxa3 45. Ra5 a2 46. Kc3 Rg2 47. Kd4 Rxg5 48. Rxa2 Re5 49. Rg2 g5 50. Kd3 Kf6
51. Kd4 Kg6 52. Ra2 g4 53. Ra6 Re6 54. Ra5 g3 55. Ra3 Kg5 56. Rxg3+= Kf4 57. Re3 Re8=
1/2-1/2

[Event "Groundhog Day : yet another chess event U1800"]
[Site "SchemingMind.com"]
[Date "2013.02.17"]
[Round "-"]
[White "SAMAEL"]
[Black "capablanca"]
[Result "1/2-1/2"]
[WhiteCountry "CAN"]
[BlackCountry "GER"]
[WhiteElo "1713"]
[WhiteRD "45"]
[BlackElo "1680"]
[BlackRD "58"]
[GameID "326930"]

1. e4 e5 2. Nf3 Nc6 3. Nc3 Nf6 4. Be2 Bc5 5. h3 d6 6. O-O Nd4 7. a3 Nxe2+ 8. Qxe2 a6 9. d3 Bd7 10. Be3 Bxe3
11. Qxe3 O-O 12. Qe2 c6 13. Rac1 b5 14. Rfd1 Qb6 15. Re1 Rfe8 16. Qe3 Qxe3= 17. Rxe3 a5 18. Ree1 c5 19. Ne2 b4 20. axb4 axb4
21. Ra1 Ra4 22. Rxa4 Bxa4 23. b3 Bc6 24. Ra1 Ra8 25. Rxa8+ Bxa8 26. Ng3 Kf8 27. Nf5 Ne8 28. Nd2 g6 29. Ne3 Ke7 30. Kf1 Ke6
31. Ke2 Nc7 32. g3 Nb5 33. f4 f5 34. exf5+ gxf5 35. fxe5 dxe5 36. Ndc4 Nd4+ 37. Kd2 h5=
1/2-1/2

[Event "Groundhog Day : yet another chess event U1800"]
[Site "SchemingMind.com"]
[Date "2013.02.17"]
[Round "-"]
[White "Archon"]
[Black "capablanca"]
[Result "0-1"]
[WhiteCountry "CAN"]
[BlackCountry "GER"]
[WhiteElo "1654"]
[WhiteRD "55"]
[BlackElo "1680"]
[BlackRD "58"]
[GameID "327164"]

1. Nf3 d5 2. c4 e6 3. g3 Nf6 4. Bg2 Be7 5. b3 O-O 6. Bb2 c5 7. d3 Nc6 8. O-O d4 9. Na3 a6 10. Nc2 Rb8
11. Bc1 e5 12. e3 dxe3 13. Nxe3 Qc7 14. Bb2 b5 15. Re1 Nd4 16. Nc2 Bd6 17. Qd2 Bb7 18. Rab1 Nxf3+ 19. Bxf3 Bxf3 20. Ne3 Qd7
21. Rec1 Qh3 22. Qe1 Ng4 23. Qf1 Qxh2#
0-1

[Event "Groundhog Day : yet another chess event U1800"]
[Site "SchemingMind.com"]
[Date "2013.02.17"]
[Round "-"]
[White "Archon"]
[Black "Ricsige"]
[Result "1/2-1/2"]
[WhiteCountry "CAN"]
[BlackCountry "AHO"]
[WhiteElo "1675"]
[WhiteRD "53"]
[BlackElo "1398"]
[BlackRD "72"]
[GameID "327165"]

1. Nf3 d5 2. c4 c5 3. g3 Nf6 4. Bg2 e6 5. d3 Nc6 6. O-O Be7 7. b3 b6 8. Bb2 O-O 9. Nbd2 Bb7 10. Rc1 d4
11. Ne5 Qc7 12. Nxc6 Bxc6 13. Nf3 Rac8 14. Rc2 Rfd8 15. Bc1 Qb7 16. Nh4 Ng4 17. Bxc6 Qxc6 18. Ng2 e5 19. e3 Nf6 20. exd4 exd4
21. Re2 Re8 22. Rfe1 Qd7 23. Bg5 h6 24. Bxf6 Bxf6 25. Nf4 Rxe2 26. Qxe2 Kf8 27. Nd5 Re8 28. Qxe8+ Qxe8 29. Rxe8+ Kxe8 30. Kg2 Kd7
31. Kf3 Ke6 32. Ke4 Bd8 33. f4 a6 34. a3 b5 35. b4 bxc4 36. dxc4 f5+ 37. Kd3 Be7 38. Ke2 Bf8 39. Kd3 Kd6 40. Ke2 g6
41. Kd3 Kc6 42. Kc2 h5 43. h4 Kd6 44. Kd3 Kc6 45. Kc2 Kd6 46. Kd3 Kc6 47. Kc2=
1/2-1/2

[Event "Groundhog Day : yet another chess event U1800"]
[Site "SchemingMind.com"]
[Date "2013.02.17"]
[Round "-"]
[White "Archon"]
[Black "simpet"]
[Result "1-0"]
[WhiteCountry "CAN"]
[BlackCountry "ENG"]
[WhiteElo "1654"]
[WhiteRD "55"]
[BlackElo "1608"]
[BlackRD "55"]
[GameID "327166"]

1. Nf3 d5 2. c4 Nf6 3. b3 Nc6 4. d3 e5 5. Bb2 d4 6. g3 Bb4+ 7. Nbd2 O-O 8. Bg2 a5 9. a3 Be7 10. O-O Bg4
11. h3 Bh5 12. g4 Bg6 13. Nh4 Qd7 14. Nxg6 fxg6 15. Ne4 Kh8 16. Qd2 b6 17. Rac1 Rae8 18. Nxf6 Rxf6 19. c5 bxc5 20. f4 exf4
21. Rxf4 Ref8 22. Rxf6 Rxf6 23. Rf1 Rxf1+ 24. Kxf1 Ne5 25. Qxa5 h5 26. gxh5 gxh5 27. Qa8+ Qd8 28. Qe4 Bd6 29. Qa8 Qxa8 30. Bxa8 Nd7
31. Bc1 Nb6 32. Bf3 g6 33. Be4 Kg7 34. a4 Kf6 35. h4 Nc8 36. Bg5+ Kf7 37. Kf2 Be7 38. Bxe7 Nxe7 39. Bb7 Ke6 40. a5 Kd6
41. a6 Nc6 42. Kf3 Na7 43. Kf4 c6 44. Kg5
1-0

[Event "Groundhog Day : yet another chess event U1800"]
[Site "SchemingMind.com"]
[Date "2013.02.22"]
[Round "-"]
[White "Archon"]
[Black "SAMAEL"]
[Result "1-0"]
[WhiteCountry "CAN"]
[BlackCountry "CAN"]
[WhiteElo "1654"]
[WhiteRD "55"]
[BlackElo "1713"]
[BlackRD "45"]
[GameID "327167"]

1. Nf3 Nf6 2. c4 Nc6 3. g3 e5 4. d3 Be7 5. Bg2 O-O 6. Nc3 d6 7. O-O a6 8. Bg5 h6 9. Bxf6 Bxf6 10. Nd5 Be6
11. Nd2 Rb8 12. Rc1 Re8 13. b3 Be7 14. Nb1 Bf8 15. Nbc3 Ne7 16. Ne3 c6 17. d4 exd4 18. Qxd4 Nf5 19. Nxf5 Bxf5 20. Rfe1 Bg6
21. e4 Be7 22. Qd2 Qc7 23. Na4 c5 24. Nc3 Bg5 25. f4 Bf6 26. Nd5 Qd8 27. Rcd1 Bh5 28. Rc1 Bg6 29. Kh1 Be7 30. Bf3 Bf8
31. Rcd1 f6 32. Kg2 b5 33. cxb5 axb5 34. a4 bxa4 35. bxa4 Bf7 36. Ra1 Qd7 37. a5 Bxd5 38. Qxd5+ Qf7 39. Qxf7+ Kxf7 40. a6 Red8
41. a7 Ra8 42. e5 d5 43. e6+ Ke7 44. f5 Rdc8 45. Bxd5
1-0

[Event "Groundhog Day : yet another chess event U1800"]
[Site "SchemingMind.com"]
[Date "2013.02.18"]
[Round "-"]
[White "capablanca"]
[Black "Archon"]
[Result "1/2-1/2"]
[WhiteCountry "GER"]
[BlackCountry "CAN"]
[WhiteElo "1625"]
[WhiteRD "58"]
[BlackElo "1600"]
[BlackRD "60"]
[GameID "327168"]

1. e4 d6 2. d4 Nf6 3. Nc3 g6 4. Nf3 Bg7 5. Be2 O-O 6. O-O Bg4 7. h3 Bxf3 8. Bxf3 e5 9. dxe5 dxe5 10. Bg5 Nbd7
11. Nd5 c6 12. Nxf6+ Nxf6 13. Qxd8 Rfxd8 14. Rfd1 h6 15. Be3 a6 16. Bb6 Rxd1+ 17. Rxd1 Re8 18. Kf1=
1/2-1/2

[Event "Groundhog Day : yet another chess event U1800"]
[Site "SchemingMind.com"]
[Date "2013.02.18"]
[Round "-"]
[White "Ricsige"]
[Black "Archon"]
[Result "0-1"]
[WhiteCountry "AHO"]
[BlackCountry "CAN"]
[WhiteElo "1419"]
[WhiteRD "74"]
[BlackElo "1659"]
[BlackRD "55"]
[GameID "327169"]

1. d4 d6 2. c4 e5 3. dxe5 dxe5 4. Qxd8+ Kxd8 5. Nf3 f6 6. Nc3 Be6 7. e4 c6 8. Be3 Nd7 9. Be2 Bc5 10. Bxc5 Nxc5
11. b4 Nd7 12. O-O Kc7 13. b5 Ne7 14. Rfd1 Rad8 15. Rab1 Nb6 16. a4 Rxd1+ 17. Rxd1 Rd8 18. c5 Rxd1+ 19. Bxd1 Nc4 20. Bb3 Kd7
21. Kf1 Na5 22. Bxe6+ Kxe6 23. Ke2= Nb3
0-1

[Event "Groundhog Day : yet another chess event U1800"]
[Site "SchemingMind.com"]
[Date "2013.02.18"]
[Round "-"]
[White "simpet"]
[Black "Archon"]
[Result "0-1"]
[WhiteCountry "ENG"]
[BlackCountry "CAN"]
[WhiteElo "1629"]
[WhiteRD "54"]
[BlackElo "1600"]
[BlackRD "60"]
[GameID "327170"]

1. e4 d6 2. Nc3 Nf6 3. f4 g6 4. d3 Bg7 5. h4 h5 6. Be3 c5 7. Qd2 Ng4 8. O-O-O Nxe3 9. Qxe3 Nc6 10. Qd2 Bg4
11. Re1 Qb8 12. Be2 Bxe2 13. Rxe2 b5 14. Nf3 O-O 15. Rhe1 a5 16. e5 dxe5 17. fxe5 e6 18. d4 cxd4 19. Nxd4 Nxd4 20. Qxd4 b4
21. Na4 Qb5 22. b3 Bh6+ 23. Kb1 Rfd8 24. Qc5 Qd7 25. Nb6 Qd1+ 26. Kb2 Bc1+ 27. Kb1 Ba3+ 28. Rxd1 Rxd1#
0-1

[Event "Groundhog Day : yet another chess event U1800"]
[Site "SchemingMind.com"]
[Date "2013.02.22"]
[Round "-"]
[White "SAMAEL"]
[Black "Archon"]
[Result "0-1"]
[WhiteCountry "CAN"]
[BlackCountry "CAN"]
[WhiteElo "1713"]
[WhiteRD "45"]
[BlackElo "1654"]
[BlackRD "55"]
[GameID "327171"]

1. e4 d6 2. Nf3 Nf6 3. Nc3 g6 4. Be2 Bg7 5. O-O O-O 6. Re1 e5 7. d3 c6 8. h3 Nbd7 9. Nh2 Qc7 10. Ng4 Nxg4
11. Bxg4 Nf6 12. Bxc8 Raxc8 13. a3 d5 14. exd5 Nxd5 15. Nxd5 cxd5 16. c3 Rfe8 17. Kh1 Rcd8 18. f3 b5 19. Bd2 a5 20. Rb1 b4
21. cxb4 axb4 22. Bxb4 e4 23. Qd2 exf3 24. gxf3 Qd7 25. Qg2 Rxe1+ 26. Bxe1 Rb8 27. b3 Qf5 28. Qf1 Rc8 29. a4 Rc2 30. Rd1 Bc3
31. b4 Bxe1 32. Rxe1 Qf4
0-1

[Event "Groundhog Day : yet another chess event U1800"]
[Site "SchemingMind.com"]
[Date "2013.02.17"]
[Round "-"]
[White "kenneth m day"]
[Black "capablanca"]
[Result "1/2-1/2"]
[WhiteCountry "USA"]
[BlackCountry "GER"]
[WhiteElo "1770"]
[WhiteRD "51"]
[BlackElo "1680"]
[BlackRD "58"]
[GameID "327178"]

1. e4 e5 2. Nf3 d6 3. d4 Nf6 4. dxe5 Nxe4 5. Qd5 Nc5 6. Bg5 Be7 7. exd6 Qxd6 8. Nc3 Be6 9. Qxd6 Bxd6 10. O-O-O a6
11. g3 O-O 12. Bg2 Nc6 13. Rhe1 h6 14. Be3 Rad8 15. Nd4 Nxd4 16. Bxd4 b6 17. f4 Bg4 18. Rd2 Rfe8 19. Bf2 Rxe1+ 20. Bxe1 Bf5
21. Rd5 Be6 22. Rd1 Bg4=
1/2-1/2

[Event "Groundhog Day : yet another chess event U1800"]
[Site "SchemingMind.com"]
[Date "2013.02.18"]
[Round "-"]
[White "kenneth m day"]
[Black "Archon"]
[Result "0-1"]
[WhiteCountry "USA"]
[BlackCountry "CAN"]
[WhiteElo "1770"]
[WhiteRD "51"]
[BlackElo "1654"]
[BlackRD "55"]
[GameID "327179"]

1. e4 d6 2. d4 Nf6 3. Nc3 g6 4. f4 Bg7 5. Nf3 c5 6. Bb5+ Bd7 7. e5 Ng4 8. e6 fxe6 9. Ng5 Bxb5 10. Qxg4 Bd7
11. Nxe6 Bxe6 12. Qxe6 Qd7 13. Qxd7+ Kxd7 14. dxc5 Bxc3+ 15. bxc3 d5 16. O-O e6 17. Bb2 Rc8 18. Ba3 Na6 19. Rab1 Rab8 20. Rfd1 Nxc5
21. c4 Na4 22. Bb4 Rxc4 23. a3 Nc3 24. Bxc3 Rxc3 25. Rd2 Rxa3 26. c4 Kd6 27. Rb5 Ra4 28. cxd5 Rxf4 29. dxe6+ Kxe6 30. Rbd5 Rf7
31. Rd6+ Ke7 32. R6d3 Kf8 33. Ra3 b5 34. Rb2 b4 35. Rab3 a5 36. Ra2 Ra7 37. Rf3+ Kg7
0-1

[Event "Groundhog Day : yet another chess event U1800"]
[Site "SchemingMind.com"]
[Date "2013.02.18"]
[Round "-"]
[White "kenneth m day"]
[Black "Ricsige"]
[Result "1-0"]
[WhiteCountry "USA"]
[BlackCountry "AHO"]
[WhiteElo "1770"]
[WhiteRD "51"]
[BlackElo "1412"]
[BlackRD "70"]
[GameID "327180"]

1. e4 c5 2. d4 cxd4 3. c3 d5 4. exd5 Qxd5 5. cxd4 Nc6 6. Nf3 e5 7. Nc3 Bb4 8. Bd2 Bxc3 9. bxc3 e4 10. c4 Qd8
11. Qe2 Nxd4 12. Qxe4+ Be6 13. Nxd4
1-0

[Event "Groundhog Day : yet another chess event U1800"]
[Site "SchemingMind.com"]
[Date "2013.02.17"]
[Round "-"]
[White "kenneth m day"]
[Black "simpet"]
[Result "1/2-1/2"]
[WhiteCountry "USA"]
[BlackCountry "ENG"]
[WhiteElo "1770"]
[WhiteRD "51"]
[BlackElo "1608"]
[BlackRD "55"]
[GameID "327181"]

1. e4 e5 2. Nf3 Nc6 3. c3 Nf6 4. d4 exd4 5. e5 Ng4 6. cxd4 Bb4+ 7. Nc3 O-O 8. h3 Nxf2 9. Kxf2 d6 10. Qd3 dxe5
11. d5 Nd4 12. Bg5 f6 13. Bh4 Bc5 14. Be2 Nc2+ 15. Kg3 Nxa1 16. Rxa1 Bd6 17. Kf2 Qe8 18. Ne4 f5 19. Nxd6 cxd6 20. Qd2 f4
21. Bd3 Qh5 22. Be4 g5 23. Bxg5 Rf7 24. Rc1 Rg7 25. Bh4 Bf5 26. Bxf5 Qxf5 27. Kf1 Qe4 28. b3 a5 29. Re1 Qb4 30. Qxb4 axb4
31. Re2 Kf8 32. Be1 Ra5 33. Bxb4 Rxd5 34. Nxe5 Kg8 35. Nc4 f3 36. gxf3 Rg3 37. Re8+ Kg7 38. Kf2 Rxh3 39. Re7+ Kg6 40. Kg2 Rhh5
41. Bxd6 b5 42. Ne5+ Kf5 43. Nf7 Kf6 44. Rb7 Rd2+ 45. Kg3 Rxa2 46. Kg4 Rd5 47. Bg3 Ra3 48. Nd6 Rxb3 49. Ne4+ Kg6 50. Rb6+ Kg7
51. Rb7+ Kg6 52. Rb6+= Kg7 53. Rb7+=
1/2-1/2

[Event "Groundhog Day : yet another chess event U1800"]
[Site "SchemingMind.com"]
[Date "2013.02.22"]
[Round "-"]
[White "kenneth m day"]
[Black "SAMAEL"]
[Result "1-0"]
[WhiteCountry "USA"]
[BlackCountry "CAN"]
[WhiteElo "1770"]
[WhiteRD "51"]
[BlackElo "1713"]
[BlackRD "45"]
[GameID "327182"]

1. e4 e5 2. Nf3 Nc6 3. d4 exd4 4. c3 d6 5. Bc4 h6 6. O-O Nf6 7. cxd4 a6 8. e5 dxe5 9. dxe5 Nh7 10. Qxd8+ Nxd8
11. Nc3 Be7 12. Nd5 Ne6 13. Bd2 Bd8 14. Bb4 c6 15. Ne3 Nhg5 16. Nxg5 Bxg5 17. Nf5 Bd7 18. Nd6+
1-0

[Event "Groundhog Day : yet another chess event U1800"]
[Site "SchemingMind.com"]
[Date "2013.02.17"]
[Round "-"]
[White "capablanca"]
[Black "kenneth m day"]
[Result "1-0"]
[WhiteCountry "GER"]
[BlackCountry "USA"]
[WhiteElo "1680"]
[WhiteRD "58"]
[BlackElo "1770"]
[BlackRD "51"]
[GameID "327183"]

1. e4 g6 2. d4 Bg7 3. Nf3 d6 4. Nc3 a6 5. Be2 b5 6. a3 Bb7 7. Be3 Nd7 8. O-O e6 9. b4 Ne7 10. a4 O-O
11. axb5 axb5 12. Bxb5 c6 13. Bd3 e5 14. Ne2 exd4 15. Bxd4 Nf6 16. c4 Rxa1 17. Qxa1 Nc8 18. Rd1 Qe7 19. Ng3 h5 20. c5 Re8
21. cxd6 Qxd6 22. e5 Qxb4 23. exf6 Bh6 24. Rb1 Qd6 25. Rxb7
1-0

[Event "Groundhog Day : yet another chess event U1800"]
[Site "SchemingMind.com"]
[Date "2013.02.18"]
[Round "-"]
[White "Archon"]
[Black "kenneth m day"]
[Result "1-0"]
[WhiteCountry "CAN"]
[BlackCountry "USA"]
[WhiteElo "1654"]
[WhiteRD "55"]
[BlackElo "1770"]
[BlackRD "51"]
[GameID "327184"]

1. Nf3 g6 2. c4 Bg7 3. g3 d6 4. Bg2 e5 5. d3 Nc6 6. Nc3 Nge7 7. O-O O-O 8. Bg5 f6 9. Be3 Nf5 10. Bd2 Be6
11. Rb1 Qd7 12. b4 Nce7 13. b5 d5 14. cxd5 Nxd5 15. Nxd5 Bxd5 16. e4 Nxg3 17. hxg3 Bxa2 18. Rb2 Be6 19. Qc2 Rfd8 20. Be3 Qxd3
21. Qxc7 Qxe4 22. Rd2 Bd5 23. Nh4 Rac8 24. Qxd8+ Rxd8 25. Bxe4
1-0

[Event "Groundhog Day : yet another chess event U1800"]
[Site "SchemingMind.com"]
[Date "2013.02.18"]
[Round "-"]
[White "Ricsige"]
[Black "kenneth m day"]
[Result "0-1"]
[WhiteCountry "AHO"]
[BlackCountry "USA"]
[WhiteElo "1398"]
[WhiteRD "72"]
[BlackElo "1720"]
[BlackRD "53"]
[GameID "327185"]

1. d4 g6 2. c4 Bg7 3. Nf3 d6 4. Nc3 Bg4 5. h3 Bd7 6. e4 Nc6 7. Be3 Nf6 8. Bd3 e5 9. d5 Nb4 10. a3 Nxd3+
11. Qxd3 O-O 12. O-O c6 13. Rac1 cxd5 14. cxd5 b6 15. Rfd1 Rc8 16. Ne2 h6 17. Ng3 Qe7 18. Qd2 Kh7 19. Rxc8 Rxc8 20. Rc1 Qd8
21. Rxc8 Qxc8 22. Qc3 Qxc3 23. bxc3 Ba4 24. Nd2 Bf8 25. Nc4 Bb3 26. Nb2 h5 27. Kf1 Bc2
0-1

[Event "Groundhog Day : yet another chess event U1800"]
[Site "SchemingMind.com"]
[Date "2013.02.17"]
[Round "-"]
[White "simpet"]
[Black "kenneth m day"]
[Result "0-1"]
[WhiteCountry "ENG"]
[BlackCountry "USA"]
[WhiteElo "1608"]
[WhiteRD "55"]
[BlackElo "1770"]
[BlackRD "51"]
[GameID "327186"]

1. e4 g6 2. d4 Bg7 3. e5 d6 4. Nf3 dxe5 5. d5 Bg4 6. h3 Bf5 7. Bb5+ Nd7 8. O-O a6 9. Ba4 b5 10. Bb3 Nc5
11. c3 Nxb3 12. Qxb3 Be4 13. c4 bxc4 14. Qxc4 Bxd5 15. Qa4+ c6 16. Nfd2 e6 17. Nc3 Ne7 18. Nxd5 exd5 19. Nb3 O-O 20. Bg5 f6
21. Bh4 Qb6 22. Qa3 Nf5 23. g3 Nxh4 24. gxh4 Rfe8 25. Nc5 Bf8 26. Nd7 Qd8 27. Nxf8 Rxf8 28. Rac1 Qb6 29. Qc5 Qxc5 30. Rxc5 d4
31. Rxc6 f5 32. Re6 e4 33. Rd1 d3 34. f3 Rfe8 35. Rd6 Rad8 36. Rxa6 e3 37. h5 e2
0-1

[Event "Groundhog Day : yet another chess event U1800"]
[Site "SchemingMind.com"]
[Date "2013.02.22"]
[Round "-"]
[White "SAMAEL"]
[Black "kenneth m day"]
[Result "0-1"]
[WhiteCountry "CAN"]
[BlackCountry "USA"]
[WhiteElo "1713"]
[WhiteRD "45"]
[BlackElo "1770"]
[BlackRD "51"]
[GameID "327187"]

1. Nf3 g6 2. e4 d6 3. Be2 Bg7 4. Nc3 c5 5. O-O Nc6 6. d3 Nf6 7. h3 O-O 8. Bd2 a6 9. Nh2 b5 10. a3 Bb7
11. Ng4 Nd4 12. Nxf6+ Bxf6 13. Re1 e6 14. Bf1 Bh4 15. Ne2 Qf6 16. g3 Nf3+
0-1